[Event "Florianopolis Winter op 8th"]
[Site "Florianopolis"]
[Date "2024.07.13"]
[Round "8"]
[White "Toffoli, Vanessa"]
[Black "De Moura, Valderi Nascimento"]
[Result "0-1"]
[WhiteElo "1725"]
[BlackElo "1819"]
[PlyCount "42"]
[EventDate "2024.07.09"]
[EventType "swiss"]
[EventRounds "9"]
[EventCountry "BRA"]
[SourceTitle "CBM 221 Extra"]
[Source "ChessBase"]
[SourceDate "2024.09.30"]
[SourceVersion "1"]
[SourceVersionDate "2024.09.30"]
[SourceQuality "1"]

1. e4 d5 2. exd5 Qxd5 3. Nc3 Qa5 4. d4 Bf5 5. Bc4 Nc6 6. Nf3 0-0-0 7. Bxf7 Nxd4 8. Nxd4 e5 9. Bd2 exd4 10. Nd5 Qb5 11. Qf3 Qd7 12. Bxg8 Rxg8 13. Nf4 Re8+ 14. Kf1 Bxc2 15. Qd5 Qxd5 16. Nxd5 Bd3+ 17. Kg1 Re2 18. Bf4 c6 19. Nc7 Kd7 20. h4 Bc2 21. Rh3 Bd6 0-1

[Event "Florianopolis Winter op 8th"]
[Site "Florianopolis"]
[Date "2024.07.09"]
[Round "1"]
[White "De Moura, Valderi Nascimento"]
[Black "Filgueiras, Nathan Felipe"]
[Result "0-1"]
[WhiteElo "1819"]
[BlackElo "2294"]
[PlyCount "74"]
[EventDate "2024.07.09"]
[EventType "swiss"]
[EventRounds "9"]
[EventCountry "BRA"]
[SourceTitle "CBM 221 Extra"]
[Source "ChessBase"]
[SourceDate "2024.09.30"]
[SourceVersion "1"]
[SourceVersionDate "2024.09.30"]
[SourceQuality "1"]

1. e4 c5 2. f4 Nc6 3. Nf3 g6 4. Nc3 Bg7 5. b3 e6 6. Bb2 d6 7. Bc4 Nge7 8. 0-0 0-0 9. Rb1 a6 10. Ne2 Bxb2 11. Rxb2 b5 12. Bd3 Nb4 13. a3 Nxd3 14. cxd3 Nc6 15. Qa1 Qe7 16. Rc2 Bb7 17. Rfc1 Rac8 18. d4 Nb8 19. dxc5 dxc5 20. d3 f6 21. Ne1 Nd7 22. Ng3 Qd6 23. Rf2 f5 24. e5 Qb6 25. Nf3 Rfd8 26. d4 Bxf3 27. gxf3 cxd4 28. Kg2 Nc5 29. Qa2 Nd3 30. Rxc8 Nxf4+ 31. Kh1 Rxc8 32. Qd2 Nd5 33. h4 Qc5 34. h5 Qc1+ 35. Kh2 Qxd2 36. Rxd2 Rc3 37. hxg6 hxg6 0-1

[Event "BRA-ch Amateurs U2000"]
[Site "Sao Paulo"]
[Date "2024.06.01"]
[Round "6"]
[White "Santos, Marcos Correia"]
[Black "De Moura, Valderi Nascimento"]
[Result "0-1"]
[WhiteElo "1720"]
[BlackElo "1817"]
[PlyCount "90"]
[EventDate "2024.05.30"]
[EventType "swiss"]
[EventRounds "7"]
[EventCountry "BRA"]
[SourceTitle "CBM 220 Extra"]
[Source "ChessBase"]
[SourceDate "2024.07.31"]
[SourceVersion "1"]
[SourceVersionDate "2024.07.31"]
[SourceQuality "1"]

1. e4 d5 2. exd5 Qxd5 3. Nc3 Qa5 4. d4 Bf5 5. Nf3 Nc6 6. Bd3 0-0-0 7. Be3 Bg4 8. Qe2 e5 9. dxe5 Nxe5 10. 0-0-0 Bd6 11. h3 Bxf3 12. gxf3 Ne7 13. Kb1 Bb4 14. Ne4 h6 15. c3 Nxd3 16. Rxd3 Bd6 17. Nxd6+ Rxd6 18. Rxd6 cxd6 19. Qc4+ Kb8 20. Qxf7 Qf5+ 21. Qxf5 Nxf5 22. Rd1 Kc7 23. Bf4 Kc6 24. Bh2 Re8 25. Bg3 g5 26. f4 Nxg3 27. fxg3 gxf4 28. gxf4 Re3 29. Rf1 Rxh3 30. f5 Kd7 31. f6 Ke8 32. f7+ Kf8 33. Kc2 h5 34. Kb3 Rg3 35. Rf4 Rg4 36. Rf6 d5 37. Rf5 h4 38. Rxd5 Kxf7 39. Rh5 Kg6 40. Rh8 Kg5 41. Rh7 Rf4 42. Rxb7 h3 43. Rxa7 h2 44. Rg7+ Kh6 45. Rg8 Kh7 0-1

[Event "BRA-ch Amateurs U2000"]
[Site "Sao Paulo"]
[Date "2024.05.30"]
[Round "1"]
[White "Jurado, Laura Alves"]
[Black "De Moura, Valderi Nascimento"]
[Result "0-1"]
[WhiteElo "1676"]
[BlackElo "1817"]
[PlyCount "40"]
[EventDate "2024.05.30"]
[EventType "swiss"]
[EventRounds "7"]
[EventCountry "BRA"]
[SourceTitle "CBM 220 Extra"]
[Source "ChessBase"]
[SourceDate "2024.07.31"]
[SourceVersion "1"]
[SourceVersionDate "2024.07.31"]
[SourceQuality "1"]

1. d4 Nf6 2. Bf4 e6 3. Nf3 b6 4. e3 Bb7 5. Bd3 Nc6 6. c3 Nh5 7. Bg5 Be7 8. Bxe7 Qxe7 9. Nbd2 Nf6 10. e4 h5 11. Qe2 Ng4 12. h3 Nh6 13. Nc4 f6 14. Ne3 Nf7 15. Nh4 Rh6 16. f4 g5 17. fxg5 fxg5 18. Nf3 g4 19. hxg4 hxg4 20. Rxh6 gxf3 0-1

[Event "Rio Verde Goiano op"]
[Site "Rio Verde"]
[Date "2023.12.01"]
[Round "1"]
[White "Melo, Pedro Igor Goncalve"]
[Black "De Moura, Valderi Nascimento"]
[Result "0-1"]
[WhiteElo "1800"]
[BlackElo "1709"]
[PlyCount "66"]
[EventDate "2023.12.01"]
[EventType "swiss"]
[EventRounds "6"]
[EventCountry "BRA"]
[SourceTitle "CBM 217 Extra"]
[Source "ChessBase"]
[SourceDate "2024.01.31"]
[SourceVersion "1"]
[SourceVersionDate "2024.01.31"]
[SourceQuality "1"]

1. e4 d5 2. exd5 Qxd5 3. Nc3 Qa5 4. Nf3 Bf5 5. d3 Nc6 6. Bd2 0-0-0 7. Be2 f6 8. 0-0 g5 9. h3 h5 10. Ne4 Qd5 11. Nc3 Qd7 12. Re1 e5 13. Bf1 g4 14. Nh4 Bh7 15. g3 Be7 16. Kh2 f5 17. Ng2 gxh3 18. Ne3 Nf6 19. Qf3 f4 20. Bxh3 Ng4+ 21. Kg1 fxe3 22. Bxe3 Nd4 23. Bxd4 exd4 24. Ne4 Rdf8 25. Qe2 Bf5 26. Nd2 Bd6 27. Nb3 Nxf2 28. Bxf5 Qxf5 29. Rf1 Bxg3 30. Nxd4 Bh2+ 31. Kxh2 Qf4+ 32. Kg2 Rhg8+ 33. Qg4+ Rxg4# 0-1

[Event "BRA Amateur-ch U1800"]
[Site "Sao Paulo"]
[Date "2022.11.04"]
[Round "3"]
[White "Arelari, Jose Carlos"]
[Black "De Moura, Valderi Nascimento"]
[Result "1/2-1/2"]
[WhiteElo "1777"]
[BlackElo "1761"]
[PlyCount "196"]
[EventDate "2022.11.03"]
[EventType "swiss"]
[EventRounds "7"]
[EventCountry "BRA"]
[SourceTitle "CBM 211 Extra"]
[Source "ChessBase"]
[SourceDate "2023.01.31"]
[SourceVersion "1"]
[SourceVersionDate "2023.01.31"]
[SourceQuality "1"]

1. e4 d5 2. exd5 Qxd5 3. Nc3 Qa5 4. Nf3 Nc6 5. Bc4 Nh6 6. d4 Bg4 7. Bxh6 gxh6 8. Bb5 Bd7 9. d5 Nb8 10. Qe2 Bg7 11. 0-0 Bxc3 12. Bxd7+ Nxd7 13. bxc3 Qxc3 14. Rab1 0-0-0 15. Rb3 Qc5 16. c4 Nb6 17. Ne5 Rhf8 18. Rb5 Qd4 19. Rd1 Qf4 20. Rdb1 f6 21. Qg4+ Qxg4 22. Nxg4 Nxc4 23. Rxb7 a5 24. Ne3 Nb6 25. Ra7 a4 26. Ra5 f5 27. f4 Kd7 28. Rc5 Rb8 29. Rbc1 Rb7 30. Kf2 Rf6 31. Kf3 h5 32. h3 h4 33. g3 hxg3 34. Kxg3 Nc8 35. Nc4 Nd6 36. Ne5+ Kc8 37. Ra5 Ne4+ 38. Kf3 Rfb6 39. Rxa4 Rb2 40. Ra8+ Rb8 41. Rxb8+ Kxb8 42. Nc6+ Kb7 43. Nxe7 Nf6 44. a4 Rb3+ 45. Kg2 Rb4 46. d6 cxd6 47. Nxf5 d5 48. Nd6+ Kb6 49. f5 Rxa4 50. Kg3 h5 51. Rc8 h4+ 52. Kg2 Ra2+ 53. Kg1 d4 54. Rf8 Nd7 55. Rh8 Kc6 56. Ne4 d3 57. Rxh4 d2 58. Nxd2 Rxd2 59. Rf4 Nf6 60. h4 Kd5 61. Rf2 Rd4 62. h5 Ke5 63. h6 Rd8 64. Kf1 Rh8 65. Rh2 Kxf5 66. Ke2 Ng4 67. Rh1 Nxh6 68. Rh5+ Kg4 69. Rh1 Re8+ 70. Kd3 Nf5 71. Kc4 Kf4 72. Rf1+ Ke4 73. Rh1 Rc8+ 74. Kb5 Kd5 75. Kb4 Rc4+ 76. Kb3 Nd4+ 77. Kb2 Rc2+ 78. Kb1 Rg2 79. Rh8 Kc4 80. Rc8+ Kb4 81. Rb8+ Nb5 82. Kc1 Kc3 83. Rc8+ Kd3 84. Rd8+ Nd4 85. Kb1 Rg7 86. Kb2 Rb7+ 87. Ka3 Rb6 88. Ka2 Kc2 89. Ka3 Ra6+ 90. Kb4 Ne6 91. Rc8+ Kd3 92. Rh8 Rb6+ 93. Ka5 Rb1 94. Rh3+ Kc4 95. Rh4+ Nd4 96. Ka6 Kd5 97. Rh5+ Kd6 98. Rh6+ Ne6 1/2-1/2

[Event "Goiania FEXEG Cup"]
[Site "Goiania"]
[Date "2019.05.19"]
[Round "6"]
[White "Labussiere, Yago"]
[Black "De Moura, Valderi Nascimento"]
[Result "1-0"]
[WhiteElo "2082"]
[BlackElo "1738"]
[PlyCount "137"]
[EventDate "2019.05.17"]
[EventType "swiss"]
[EventRounds "6"]
[EventCountry "BRA"]
[SourceTitle "EXT 2020"]
[Source "ChessBase"]
[SourceDate "2019.10.17"]
[SourceVersion "1"]
[SourceVersionDate "2019.10.17"]
[SourceQuality "1"]

1. d4 d5 2. c4 e6 3. Nc3 Nf6 4. cxd5 exd5 5. Bg5 Be7 6. e3 0-0 7. Bd3 h6 8. Bh4 c6 9. Qc2 Nh5 10. Bxe7 Qxe7 11. 0-0-0 Na6 12. Bxa6 bxa6 13. Nf3 Rb8 14. Na4 Qb4 15. b3 Nf6 16. Qc5 Qb7 17. Nd2 Bf5 18. h3 Nd7 19. Qa3 Qb5 20. Nc3 Qb6 21. Kb2 Rfc8 22. Na4 Qb5 23. Nc3 Qb6 24. g4 Bh7 25. Ndb1 Rb7 26. Na4 Qc7 27. Rc1 a5 28. Nc5 Nxc5 29. Rxc5 Rb5 30. Nc3 Rxc5 31. Qxc5 Qb6 32. Rc1 Qxc5 33. dxc5 Re8 34. Rd1 f5 35. Rd4 fxg4 36. hxg4 Kf7 37. Ra4 Bd3 38. Rxa5 Re7 39. Ra4 g5 40. Rd4 Bg6 41. b4 a6 42. Ka3 a5 43. bxa5 Ra7 44. Kb4 Rb7+ 45. Ka4 Bc2+ 46. Ka3 Ra7 47. Kb2 Bg6 48. Ra4 Ke6 49. Ne2 Bd3 50. Nd4+ Kd7 51. Kc3 Bg6 52. a6 h5 53. gxh5 Bxh5 54. Kb4 Kc7 55. Ka5 Bg4 56. Nxc6 Kxc6 57. Rxg4 Kxc5 58. Rxg5 Re7 59. e4 Rxe4 60. a7 Re8 61. Re5 Rf8 62. Re7 Rxf2 63. a4 Rf8 64. Rc7+ Kd6 65. Rb7 Ra8 66. Ka6 d4 67. Rb8 Rxa7+ 68. Kxa7 Kc5 69. a5 1-0

[Event "Goiania Regional-ch U2000"]
[Site "Goiania"]
[Date "2018.12.02"]
[Round "3"]
[White "De Moura, Valderi Nascimento"]
[Black "Di Simoni, Rafaela Moura"]
[Result "1-0"]
[WhiteElo "1724"]
[BlackElo "1495"]
[PlyCount "81"]
[EventDate "2018.12.01"]
[EventType "tourn"]
[EventRounds "9"]
[EventCountry "BRA"]
[SourceTitle "CBM 190 Extra"]
[Source "ChessBase"]
[SourceDate "2019.07.15"]
[SourceVersion "1"]
[SourceVersionDate "2019.07.15"]
[SourceQuality "1"]

1. d4 Nf6 2. Nc3 g6 3. Nf3 Bg7 4. e4 d6 5. Bd3 0-0 6. Be3 Re8 7. Qd2 e5 8. d5 Nbd7 9. Bg5 Nc5 10. Bh6 Nxd3+ 11. cxd3 Bg4 12. Bxg7 Kxg7 13. Ng1 c6 14. f3 Bd7 15. g4 cxd5 16. g5 Nh5 17. Nxd5 Bc6 18. Nc3 Qe7 19. 0-0-0 Rac8 20. Kb1 a6 21. h4 b5 22. Nh3 Rf8 23. f4 f5 24. exf5 Bxh1 25. f6+ Nxf6 26. gxf6+ Rxf6 27. Rxh1 exf4 28. Nd5 Qb7 29. Qg2 f3 30. Qg5 Rf7 31. h5 Rf5 32. Qe7+ Rf7 33. Qxd6 Qc6 34. h6+ Kg8 35. Qxc6 Rxc6 36. Ng5 Rd7 37. Re1 Kf8 38. Nf4 Rf6 39. Nfe6+ Kg8 40. Rc1 Rxe6 41. Rc8+ 1-0

[Event "Goiania STD op"]
[Site "Goiania"]
[Date "2018.03.11"]
[Round "5"]
[White "De Moura, Valderi Nascimento"]
[Black "Labussiere, Yago"]
[Result "1/2-1/2"]
[WhiteElo "1740"]
[BlackElo "1853"]
[PlyCount "118"]
[EventDate "2018.03.09"]
[EventType "swiss"]
[EventRounds "6"]
[EventCountry "BRA"]
[SourceTitle "CBM 183 Extra"]
[Source "ChessBase"]
[SourceDate "2018.04.19"]
[SourceVersion "1"]
[SourceVersionDate "2018.04.19"]
[SourceQuality "1"]

1. e4 c5 2. Nf3 Nc6 3. Nc3 g6 4. d3 Bg7 5. Be3 Nd4 6. Qd2 d6 7. Be2 Rb8 8. Rb1 e6 9. 0-0 Ne7 10. Nd1 0-0 11. Nxd4 cxd4 12. Bh6 e5 13. Bxg7 Kxg7 14. f4 f6 15. Nf2 Be6 16. a3 Qd7 17. h3 Rbc8 18. fxe5 dxe5 19. Ng4 Ng8 20. Rf2 h5 21. Nh2 Nh6 22. Rbf1 b6 23. Nf3 Nf7 24. Kh2 Qc7 25. Bd1 Nd6 26. Kh1 Nf7 27. Ng1 Nh6 28. Rf3 Qe7 29. Rg3 Kh7 30. Nf3 Rg8 31. Nh2 Rcf8 32. Rgf3 f5 33. exf5 Nxf5 34. g4 Ne3 35. Rxf8 Rxf8 36. Rxf8 Qxf8 37. Bf3 hxg4 38. hxg4 Qf4 39. Qe2 Qg3 40. c4 Bd7 41. b3 Kh6 42. b4 Ba4 43. Nf1 Qf4 44. Nxe3 Qxe3 45. Qxe3+ dxe3 46. Kg2 Bd7 47. Kg3 Bc8 48. c5 bxc5 49. bxc5 Kg5 50. c6 a5 51. Be2 Be6 52. c7 Kf6 53. Kf3 Ke7 54. Kxe3 Kd6 55. g5 Kxc7 56. d4 exd4+ 57. Kxd4 Kd6 58. Bd3 Bf5 59. Bc4 Bc2 1/2-1/2

[Event "BRA-ch Amateur U1800"]
[Site "Sao Paulo"]
[Date "2017.10.13"]
[Round "3"]
[White "Sanchez, Ivan Roberto"]
[Black "De Moura, Valderi Nascimento"]
[Result "0-1"]
[WhiteElo "1652"]
[BlackElo "1723"]
[PlyCount "92"]
[EventDate "2017.10.12"]
[EventType "swiss"]
[EventRounds "7"]
[EventCountry "BRA"]
[SourceTitle "EXT 2019"]
[Source "ChessBase"]
[SourceDate "2018.10.10"]
[SourceVersion "1"]
[SourceVersionDate "2018.10.10"]
[SourceQuality "1"]

1. c4 Nf6 2. Nc3 e6 3. g3 Bb4 4. Qb3 Nc6 5. a3 Nd4 6. Qd1 Bxc3 7. dxc3 Nf5 8. Bg2 e5 9. Nf3 Qe7 10. 0-0 h6 11. Qc2 Qe6 12. Bh3 Nd4 13. cxd4 Qxh3 14. dxe5 Ng4 15. e4 0-0 16. Qe2 Re8 17. Re1 b6 18. Qf1 Qh5 19. h3 Nxe5 20. Nxe5 Qxe5 21. Qd3 d6 22. Kg2 Bb7 23. f3 Re6 24. Rb1 Rg6 25. g4 Re6 26. Bd2 h5 27. Qc3 hxg4 28. hxg4 Qc5 29. b4 Qc6 30. b5 Qd7 31. Re2 Rae8 32. Kg3 c6 33. a4 d5 34. bxc6 Rxc6 35. Qd4 Rxc4 36. Qd3 Rxa4 37. Rh1 f5 38. Reh2 fxe4 39. Rh8+ Kf7 40. fxe4 Rxh8 41. Rxh8 Qd6+ 42. Kh4 Qh2+ 43. Kg5 Qxh8 44. Qf1+ Ke7 45. e5 Qh6+ 46. Kf5 g6# 0-1

[Event "BRA-ch Amateur U1800"]
[Site "Sao Paulo"]
[Date "2017.10.12"]
[Round "1"]
[White "Da Rosa, Henrique Jaze Simoe"]
[Black "De Moura, Valderi Nascimento"]
[Result "0-1"]
[WhiteElo "1533"]
[BlackElo "1723"]
[PlyCount "70"]
[EventDate "2017.10.12"]
[EventType "swiss"]
[EventRounds "7"]
[EventCountry "BRA"]
[SourceTitle "EXT 2019"]
[Source "ChessBase"]
[SourceDate "2018.10.10"]
[SourceVersion "1"]
[SourceVersionDate "2018.10.10"]
[SourceQuality "1"]

1. Nf3 Nf6 2. b3 e6 3. Bb2 Be7 4. e3 0-0 5. d4 b6 6. Bd3 Bb7 7. 0-0 Na6 8. c4 Nb4 9. Be2 c5 10. Nc3 Qc7 11. a3 Na6 12. d5 d6 13. e4 Rad8 14. Re1 e5 15. Qc2 Bc8 16. Nd1 Bg4 17. Ne3 Bh5 18. Nf5 Ne8 19. Qd2 Bg6 20. Ng3 Nb8 21. Rad1 Nd7 22. Bc1 Nef6 23. Nh4 Nxe4 24. Nxe4 Bxe4 25. Bf3 Bxf3 26. Nxf3 f6 27. Re3 f5 28. Rde1 e4 29. Qd1 Bf6 30. Nd2 Ne5 31. f4 Nd3 32. R1e2 Bd4 33. Nf1 Nxf4 34. Rf2 Nd3 35. Rfe2 f4 0-1